000 00365pab a2200169 454500
008 180718b2012 xxu||||| |||| 00| 0 eng d
100 _aTillin, Louise
245 _aCaste, territory and federalism
260 _c2012
300 _ap.43-48.
362 _aMay
650 _aFederalism
650 _aCaste
773 _aSeminar
908 _aN
909 _a95900
999 _c95900
_d95900